Les spécialités actuelles au lycée - Statistiques

Statistiques générales
  • Ce quiz a été pris 226 fois
  • Le résultat moyen est 8 sur 13
Statistiques - réponses
Hint Réponse % Correct
Classique Mathématiques
95%
Classique Physique-chimie
95%
Classique Sciences de la vie et de la Terre
92%
Classique Histoire-géographie, géopolitique et sciences politiques
84%
Classique Sciences économiques et sociales
84%
Classique Langues, littératures et cultures étrangères
78%
Classique Humanités, littérature et philosophie
73%
Rare Arts
68%
Rare Numériques et sciences informatiques
55%
Rare Sciences de l'ingénieur
39%
Rare Sports
15%
Rare Littérature, langues et culture de l'Antiquité
14%
Rare Ecologie - Agronomie et Territoire (dans les lycées agricoles)
4%
Aucun quiz correspondant
Distribution des résultats
% des personnes avec chaque résultat
Percentile par nombre de réponses
Votre historique - résultats
Vous n’avez pas pris ce quiz